Score 0/10 Timer 05:00
0 Plays Today
Scrambled Country Unscrambled Country % Correct
GGIOEARGeo[r]gia
86.1%
IULBMGEBel[g]ium
78%
NLEBANOLeb[a]non
77.5%
NMVTEIAVie[t]nam
77.4%
BIINAAMNam[i]bia
74.9%
YMNMARAMya[n]mar
74.2%
AGENDRAGre[n]ada
53.2%
NISOAGPERSing[a]pore
44.3%
MANARIEArm[e]nia
44%
Bonus Country
(from scrambled middle letters)
Argentina
32.5%

You're not logged in!

Compare scores with friends on all Sporcle quizzes.
OR
Log In

Sporcle TV

Today on Sporcle TV


Watch our educational content, quiz creation guides, and fun videos on Sporcle TV.

Show Comments

Extras

Top Quizzes Today


Score Distribution

Your Account Isn't Verified!

In order to create a playlist on Sporcle, you need to verify the email address you used during registration. Go to your Sporcle Settings to finish the process.

Report this User

Report this user for behavior that violates our Community Guidelines.

Details: